[Event "AUTO-OPEN-2091"]
[Site "http://www.queenalice.com/game.php?id=827252"]
[Date "2010.9.3"]
[Round "1"]
[White "gmorgado"]
[Black "deepblue2010"]
[Result "0-1"]
[WhiteElo "961"]
[BlackElo "2112"]

1. d4 Nf6 2. Nh3 d5 3. Bf4 g6 4. Bxc7 Qxc7 5. Ng5 Bg7 6. Nc3 h6 7. Nxf7 Kxf7 8.
f4 Qxf4 9. g3 Qe3 10. Qd3 Qxd3 11. cxd3 Nc6 12. h3 Nxd4 13. e3 Nc2+ 14. Ke2 Nxa1
15. Bg2 Nc2 16. Rc1 Nb4 0-1

[Event "AUTO-OPEN-2091"]
[Site "http://www.queenalice.com/game.php?id=827273"]
[Date "2010.9.3"]
[Round "1"]
[White "pinnive"]
[Black "gmorgado"]
[Result "1-0"]
[WhiteElo "1793"]
[BlackElo "961"]

1. e4 e5 2. Nf3 Bd6 3. Nc3 Nc6 4. Bb5 Nf6 5. O-O h5 6. d3 a6 7. Ba4 b5 8. Bb3 h4
9. h3 Rh6 10. Bxh6 gxh6 11. Nd5 a5 12. a4 Nb4 13. axb5 c6 14. Nxb4 axb4 15. Rxa8
cxb5 16. Nxh4 h5 17. Nf5 Bf8 18. f4 1-0

[Event "AUTO-OPEN-2091"]
[Site "http://www.queenalice.com/game.php?id=827274"]
[Date "2010.9.3"]
[Round "1"]
[White "gmorgado"]
[Black "pinnive"]
[Result "0-1"]
[WhiteElo "961"]
[BlackElo "1795"]

1. d4 d5 2. f4 Nf6 3. Nh3 Bf5 4. Be3 Nc6 5. Ng5 e6 6. Nc3 h6 7. Nxf7 Kxf7 8. g3
Bb4 9. a3 Bxc3+ 10. bxc3 Ne4 11. Rb1 Nxc3 12. Rxb7 Nxd1 13. Kxd1 Na5 14. Bd2
Nxb7 15. Bb4 c5 16. Bc3 Qc7 17. dxc5 Qxc5 0-1

[Event "AUTO-OPEN-2091"]
[Site "http://www.queenalice.com/game.php?id=827286"]
[Date "2010.9.3"]
[Round "1"]
[White "gmorgado"]
[Black "geniolucio"]
[Result "0-1"]
[WhiteElo "1100"]
[BlackElo "1669"]

1. d4 Nf6 2. e3 g6 3. Bc4 Bg7 4. Nf3 O-O 5. c3 a6 6. Ng5 e6 7. h4 d5 8. b3 dxc4
9. bxc4 h6 10. Nxf7 Rxf7 11. Na3 Ne4 12. Rf1 Nd7 13. g4 Qxh4 14. Rb1 b6 15. Rb4
Nxf2 16. Rxf2 Qxf2# 0-1

[Event "Challenge"]
[Site "http://www.queenalice.com/game.php?id=827532"]
[Date "2010.9.3"]
[Round "-"]
[White "EdoVillarroel"]
[Black "gmorgado"]
[Result "1-0"]
[WhiteElo "1956"]
[BlackElo "1100"]

1. e4 e5 2. Nf3 Nc6 3. d4 Nf6 4. d5 Nb4 5. a3 Nxc2+ 6. Qxc2 Bc5 7. Qxc5 b6 8.
Qc2 g5 9. Bxg5 d6 10. Bb5+ Ke7 11. Bxf6+ Kxf6 12. Nbd2 Rg8 13. Nh4 Kg7 14. Ndf3
Re8 15. Qd2 a6 16. Nf5+ Kg8 17. Bxe8 Qxe8 18. Qg5+ Kf8 19. Qg7# 1-0

[Event "Challenge"]
[Site "http://www.queenalice.com/game.php?id=831194"]
[Date "2010.9.10"]
[Round "-"]
[White "kleberrocha"]
[Black "gmorgado"]
[Result "1-0"]
[WhiteElo "972"]
[BlackElo "1059"]

1. d4 d5 2. b3 g5 3. g3 f5 4. Nf3 Bg7 5. Bg2 e6 6. Nc3 a6 7. Nxg5 h6 8. Nf3 Nf6
9. h4 b5 10. Ne5 Ra7 11. Ba3 Rg8 12. f3 Bb7 13. g4 Nc6 14. gxf5 exf5 15. Bh3 Rf8
16. Qd3 Ne7 17. Bc5 Ra8 18. Bxf5 Nxf5 19. Qxf5 Rc8 20. Qg6+ Rf7 21. Nxf7 Qe7 22.
Bxe7 Kxe7 23. Qxg7 Ke6 24. Rg1 1-0

[Event "Challenge"]
[Site "http://www.queenalice.com/game.php?id=873268"]
[Date "2010.12.18"]
[Round "-"]
[White "dmdoido"]
[Black "gmorgado"]
[Result "1-0"]
[WhiteElo "785"]
[BlackElo "913"]

1. d4 b5 2. Na3 a6 3. Nh3 Nc6 4. e3 f5 5. Bd3 g6 6. b4 Nxb4 7. Bb2 Nxd3+ 8. Qxd3
e6 9. d5 exd5 10. Bxh8 b4 11. Qxd5 Rb8 12. Nc4 Ne7 13. Qd4 Bb7 14. O-O d5 15.
Na5 Ba8 16. Ng5 h6 17. Ne6 Nc6 18. Qf6 Qxf6 19. Bxf6 Nxa5 20. Nxc7+ Kf7 21. Be5
Bg7 22. Bd6 Nc4 23. Bc5 Nd2 24. Rfd1 Ne4 25. Ba7 Rb7 26. Nxa8 Rxa7 27. Nb6 Rc7
28. Rab1 Rxc2 29. Rxd5 Rc6 30. Nd7 Rc7 31. Ne5+ Kf6 32. Rxb4 Nxf2 33. Rb6+ Ke7
34. Nxg6+ Ke8 35. Rb8+ Kf7 36. Rd6 Rc1+ 37. Kxf2 Rc2+ 38. Kf3 Bf8 39. Rxf8+ Kg7
40. g4 fxg4+ 41. Kxg4 Rg2+ 42. Kf5 Rf2+ 43. Ke6 Rxf8 44. Ne7 Re8 45. e4 Kf8 46.
Rd7 Kg7 47. Kd6 Kf6 48. e5+ Kg5 49. e6 Rb8 50. Nc6 Rb2 51. e7 Rxa2 52. e8=Q Rxh2
53. Rg7+ Kf4 54. Qe5+ Kf3 55. Nd4+ Kf2 56. Qe2# 1-0

[Event "Challenge"]
[Site "http://www.queenalice.com/game.php?id=873271"]
[Date "2010.12.18"]
[Round "-"]
[White "maiconmil"]
[Black "gmorgado"]
[Result "1-0"]
[WhiteElo "1169"]
[BlackElo "873"]

1. d4 d5 2. Nc3 c6 3. Nf3 Nd7 4. e4 dxe4 5. Nxe4 f5 6. Nc5 Nxc5 7. dxc5 e6 8.
Bg5 Bd7 9. Bxd8 Kxd8 10. Ne5 Nf6 11. Nf7+ Kc8 12. Nxh8 Bxc5 13. Nf7 Bb4+ 14. c3
Ba5 15. Qd6 Bc7 16. Qe7 Bd6 17. Qd8# 1-0

[Event "AUTO-BEG-446"]
[Site "http://www.queenalice.com/game.php?id=873282"]
[Date "2010.12.18"]
[Round "1"]
[White "gmorgado"]
[Black "Alanzao"]
[Result "0-1"]
[WhiteElo "817"]
[BlackElo "1030"]

1. d4 e6 2. f4 Nf6 3. g3 Ne4 4. Bg2 Qf6 5. Bxe4 d6 6. Nf3 e5 7. Nxe5 dxe5 8.
dxe5 Qb6 9. Qd8+ Kxd8 10. Nc3 c5 11. Nd5 Qc6 12. f5 f6 13. Be3 b5 14. Nxf6 Qc7
15. Rd1+ Ke7 16. b3 gxf6 17. exf6+ Kxf6 18. a4 b4 19. g4 Nc6 20. h4 h5 21. gxh5
Rxh5 22. Rg1 Rxh4 23. Rf1 Rxe4 24. Rf4 Rxe3 25. Rh4 Qg7 26. Kd2 Qg3 27. Rh6+
Bxh6 28. Kc1 Rxb3+ 29. e3 Bxf5 30. cxb3 Bxe3+ 31. Kb2 Rd8 32. Rc1 Rd2+ 33. Rc2
Bxc2 0-1

[Event "AUTO-BEG-446"]
[Site "http://www.queenalice.com/game.php?id=873297"]
[Date "2010.12.18"]
[Round "1"]
[White "gmorgado"]
[Black "lusobrpe"]
[Result "0-1"]
[WhiteElo "807"]
[BlackElo "1139"]

1. f4 d5 2. d4 e6 3. a4 Qh4+ 4. g3 Qg4 5. h3 Qxg3+ 6. Kd2 Bb4+ 7. c3 Nc6 8. cxb4
Nf6 9. Nc3 e5 10. fxe5 Ne4+ 11. Kc2 Nxb4+ 12. Kb3 a5 13. e3 Nf2 14. Bb5+ Bd7 15.
Nge2 Qf3 16. Qg1 Nxh1 17. Qxg7 O-O-O 18. Qxf7 Qxf7 19. Nf4 c5 20. Nfxd5 Nxd5 21.
e4 Nxc3+ 22. Kc2 Bxb5 23. bxc3 Bf1 0-1

[Event "AUTO-BEG-446"]
[Site "http://www.queenalice.com/game.php?id=873298"]
[Date "2010.12.18"]
[Round "1"]
[White "lusobrpe"]
[Black "gmorgado"]
[Result "1-0"]
[WhiteElo "1142"]
[BlackElo "804"]

1. e4 Nc6 2. Qf3 Nd4 3. Qd3 Nxc2+ 4. Qxc2 Nf6 5. Bc4 b5 6. Bxb5 Rb8 7. Qb3 Nxe4
8. d3 Nc5 9. Qc4 e5 10. Nf3 c6 11. Ng5 Ne6 12. Bxc6 dxc6 13. Nc3 Bb4 14. Bd2 h6
15. Nge4 f5 16. Nd6+ Qxd6 17. O-O Ba6 18. Qxa6 Nc7 19. Qxa7 Ra8 20. Qb6 Bc5 21.
Qb3 Bd4 22. a4 1-0

[Event "AUTO-BEG-446"]
[Site "http://www.queenalice.com/game.php?id=873299"]
[Date "2010.12.18"]
[Round "1"]
[White "gmorgado"]
[Black "deepblueII"]
[Result "0-1"]
[WhiteElo "807"]
[BlackElo "1417"]

1. d4 d5 2. f4 Nc6 3. c3 Bd7 4. b4 e6 5. Nh3 h5 6. e3 f6 7. Na3 Bd6 8. Nb5 a6 9.
Nxd6+ cxd6 10. a3 e5 11. fxe5 dxe5 0-1

[Event "Challenge"]
[Site "http://www.queenalice.com/game.php?id=874942"]
[Date "2010.12.21"]
[Round "-"]
[White "gmorgado"]
[Black "dmdoido"]
[Result "0-1"]
[WhiteElo "866"]
[BlackElo "958"]

1. h4 d5 2. f4 e6 3. d4 Bb4+ 4. Kf2 Qf6 5. c3 Ba5 6. b4 Bb6 7. a4 Nh6 8. Ke1 Ng4
9. Nf3 c6 10. e3 O-O 11. Be2 Qf5 12. Nbd2 Nxe3 13. Qb3 Nxg2+ 14. Kf1 Nxf4 15.
Bd1 Nd3 16. a5 Bd8 17. Ba3 Bg5 18. hxg5 Qf4 19. Ra2 Qg3 20. b5 Qf2# 0-1

[Event "Challenge"]
[Site "http://www.queenalice.com/game.php?id=875508"]
[Date "2010.12.23"]
[Round "-"]
[White "maiconmil"]
[Black "gmorgado"]
[Result "1-0"]
[WhiteElo "1266"]
[BlackElo "801"]

1. d4 d5 2. Nc3 e6 3. e4 Nf6 4. Bb5+ Nc6 5. e5 Ne4 6. f3 Nxc3 7. bxc3 h5 8. f4
a6 9. Bd3 b5 10. Nf3 f5 11. Ng5 a5 12. Bxb5 Ba6 13. Bxc6+ Ke7 14. Bxa8 Qxa8 15.
Ba3+ Ke8 16. Nxe6 Bxa3 17. Nxc7+ Kd8 18. Nxa8 Kc8 19. Nb6+ Kb7 20. Nxd5 Kc6 21.
Ne7+ Bxe7 22. Rb1 Bh4+ 23. g3 Be7 24. d5+ 1-0

[Event "Challenge"]
[Site "http://www.queenalice.com/game.php?id=875509"]
[Date "2010.12.23"]
[Round "-"]
[White "gmorgado"]
[Black "dmdoido"]
[Result "0-1"]
[WhiteElo "845"]
[BlackElo "980"]

1. g4 e5 2. e4 d6 3. d3 d5 4. c3 Qf6 5. Be3 Nh6 6. Bxh6 Bc5 7. Qa4+ c6 8. b4
Qxf2+ 9. Kd1 Qxf1+ 10. Kc2 Bxg4 11. Kb2 Bd1 12. bxc5 Qxd3 13. Kc1 Bxa4 14. exd5
Qc2# 0-1

[Event "WorbiBrothers!!!!!!!!!!!!"]
[Site "http://www.queenalice.com/game.php?id=875883"]
[Date "2010.12.23"]
[Round "-"]
[White "dmdoido"]
[Black "gmorgado"]
[Result "1-0"]
[WhiteElo "1039"]
[BlackElo "829"]

1. e3 d5 2. d4 e6 3. Na3 Nh6 4. c4 dxc4 5. Nxc4 Nf5 6. g4 Nh4 7. Ne5 f6 8. Qa4+
b5 9. Qxb5+ c6 10. Nxc6 Qd7 11. Bg2 Bb4+ 12. Qxb4 Nxc6 13. Qc3 f5 14. Bxc6 Nf3+
15. Nxf3 fxg4 16. Bxd7+ Kxd7 17. Ne5+ Ke7 18. Qc5+ Kf6 19. Rg1 Rd8 20. Rxg4 h5
21. Rg6+ Kf5 22. e4+ Kxe4 23. f3+ Kf5 24. Qe7 Rxd4 25. Qxe6+ Bxe6 26. Rg5+ Kf6
27. Be3 Rad8 28. Nc6 Rc8 29. Nxd4 a5 30. Rc1 Rb8 31. Rc6 Rd8 32. Nxe6 Kf7 33.
Nxd8+ Ke7 34. Rxg7+ Kxd8 35. Bg5+ Ke8 36. Rc8# 1-0